[Event "Oberliga Ost-A 1314"]
[Site "Germany"]
[Date "2014.01.19"]
[Round "7.6"]
[White "Kieslich, Aaron"]
[Black "Shmirin, Igor"]
[Result "1/2-1/2"]
[WhiteElo "2011"]
[BlackElo "2209"]
[PlyCount "149"]
[EventDate "2013.10.13"]
[EventType "team-tourn"]
[EventRounds "11"]
[EventCountry "GER"]
[SourceTitle "EXT 2015"]
[Source "ChessBase"]
[SourceDate "2014.11.20"]
[SourceVersion "1"]
[SourceVersionDate "2014.11.20"]
[SourceQuality "1"]
[WhiteTeam "Coswig"]
[BlackTeam "Dresden USV II"]
[WhiteTeamCountry "GER"]
[BlackTeamCountry "GER"]

1. d4 d5 2. c4 e6 3. Nc3 f5 4. g3 Nf6 5. Bg2 c6 6. b3 Bd6 7. Nf3 0-0 8. 0-0 Bd7 9. Na4 Qe7 10. Nb2 Be8 11. Nd3 Bh5 12. Nfe5 Nbd7 13. Bb2 Rae8 14. Qc2 g5 15. e3 Kh8 16. a4 Rg8 17. c5 Bb8 18. b4 Nxe5 19. dxe5 Ng4 20. b5 Ref8 21. h3 Nh6 22. bxc6 bxc6 23. Kh2 f4 24. exf4 Bg6 25. fxg5 Qxg5 26. Bc1 Qh5 27. Bxh6 Qxh6 28. f4 Bf5 29. Qc3 Qg6 30. Nf2 h5 31. Bf3 Qxg3+ 32. Kh1 Be4 33. Ra3 Rxf4 34. Bxe4 Qxc3 35. Rxc3 dxe4 36. Re3 Rgf8 37. Kg2 Bxe5 38. Rxe4 Rxe4 39. Nxe4 Rxf1 40. Kxf1 Kg7 41. Ke2 Kg6 42. Ke3 Bh2 43. Kd4 e5+ 44. Kc4 Kf5 45. Nd6+ Ke6 46. Nb7 Bg1 47. Na5 Kd7 48. Nb3 Bf2 49. Kd3 Ke6 50. Ke4 Be1 51. Nc1 Bc3 52. Nd3 Kf6 53. Nc1 Ke6 54. Nd3 a5 55. Nc1 Bb4 56. Nd3 Bc3 57. Nc1 Kf6 58. Kd3 Bb4 59. Nb3 Kf5 60. Ke3 Be1 61. Ke2 Bb4 62. Ke3 Ke6 63. Ke4 h4 64. Na1 Bxc5 65. Nc2 Bb6 66. Na3 Bd8 67. Nc4 Bc7 68. Ne3 Kf6 69. Nc4 Ke6 70. Ne3 c5 71. Nc4 Kf6 72. Ne3 Ke6 73. Nc4 Kf6 74. Ne3 Ke6 75. Nc4 1/2-1/2

[Event "Oberliga Ost-A 1213"]
[Site "Germany"]
[Date "2013.02.03"]
[Round "7.1"]
[White "Shmirin, Igor"]
[Black "Markowski, Tomasz"]
[Result "0-1"]
[WhiteElo "2196"]
[BlackElo "2577"]
[PlyCount "100"]
[EventDate "2012.10.14"]
[EventType "team-tourn"]
[EventRounds "11"]
[EventCountry "GER"]
[SourceTitle "EXT 2014"]
[Source "ChessBase"]
[SourceDate "2013.11.20"]
[SourceVersion "1"]
[SourceVersionDate "2013.11.20"]
[SourceQuality "1"]
[WhiteTeam "Dresden USV II"]
[BlackTeam "Plauen Koenig"]
[WhiteTeamCountry "GER"]
[BlackTeamCountry "GER"]

1. d4 c5 2. c3 Qa5 3. e3 Nf6 4. Nf3 e6 5. Nbd2 d5 6. Bd3 Nbd7 7. 0-0 Be7 8. a3 Qc7 9. Re1 0-0 10. Qe2 b6 11. e4 cxd4 12. cxd4 dxe4 13. Nxe4 Bb7 14. Bg5 Rac8 15. Rac1 Qb8 16. Ne5 Rxc1 17. Rxc1 Nxe5 18. dxe5 Qxe5 19. Nxf6+ Bxf6 20. Bxf6 Qxf6 21. Rc7 Bd5 22. Qc2 g6 23. Rxa7 Rd8 24. Rc7 Kg7 25. Qc3 Be4 26. Qxf6+ Kxf6 27. Bf1 Rd1 28. Rc3 Bb7 29. f4 Ba6 30. Rf3 h5 31. g3 Rb1 32. Rf2 Ke7 33. h3 Kd6 34. b4 Kd5 35. a4 Bxf1 36. Rxf1 Rxb4 37. Ra1 h4 38. a5 bxa5 39. Rxa5+ Ke4 40. gxh4 Kxf4 41. h5 gxh5 42. Rxh5 Rb1+ 43. Kf2 Rb2+ 44. Kg1 f5 45. Rh8 e5 46. h4 e4 47. h5 e3 48. Re8 Kf3 49. h6 Rb1+ 50. Kh2 Rb6 0-1

[Event "Oberliga Ost-A 1213"]
[Site "Germany"]
[Date "2012.12.09"]
[Round "4.4"]
[White "Shmirin, Igor"]
[Black "Schultz, Andreas"]
[Result "0-1"]
[WhiteElo "2196"]
[BlackElo "2237"]
[PlyCount "84"]
[EventDate "2012.10.14"]
[EventType "team-tourn"]
[EventRounds "11"]
[EventCountry "GER"]
[SourceTitle "EXT 2014"]
[Source "ChessBase"]
[SourceDate "2013.11.20"]
[SourceVersion "1"]
[SourceVersionDate "2013.11.20"]
[SourceQuality "1"]
[WhiteTeam "Dresden USV II"]
[BlackTeam "Leipzig SG II"]
[WhiteTeamCountry "GER"]
[BlackTeamCountry "GER"]

1. d4 Nf6 2. Bg5 d5 3. Bxf6 exf6 4. e3 Be6 5. Bd3 f5 6. Ne2 Bd6 7. Nd2 c6 8. c4 dxc4 9. Bxc4 0-0 10. Qb3 Qe7 11. 0-0 Nd7 12. g3 Nb6 13. Bxe6 Qxe6 14. Rac1 Rfe8 15. Qxe6 fxe6 16. Nf3 h6 17. h4 Kf7 18. Rc2 Kf6 19. h5 Nd5 20. a3 Ke7 21. Kg2 Rec8 22. Nf4 Nf6 23. Ne5 Bxe5 24. dxe5 Nd5 25. Nxd5+ exd5 26. f4 Rc7 27. Kf3 Ke6 28. Rg1 Rf8 29. g4 c5 30. Rcg2 Rff7 31. g5 hxg5 32. Rxg5 d4 33. Rg6+ Kd5 34. Rd6+ Kc4 35. exd4 Kb3 36. e6 Rfe7 37. d5 c4 38. Rc1 Kxb2 39. Re1 c3 40. Rd8 c2 41. d6 Rc3+ 42. Kf2 Rxe6 0-1

[Event "Oberliga Ost-A 1213"]
[Site "Germany"]
[Date "2012.10.14"]
[Round "1.2"]
[White "Lechtynsky, Jiri"]
[Black "Shmirin, Igor"]
[Result "1-0"]
[WhiteElo "2379"]
[BlackElo "2196"]
[PlyCount "68"]
[EventDate "2012.10.14"]
[EventType "team-tourn"]
[EventRounds "11"]
[EventCountry "GER"]
[SourceTitle "EXT 2014"]
[Source "ChessBase"]
[SourceDate "2013.11.20"]
[SourceVersion "1"]
[SourceVersionDate "2013.11.20"]
[SourceQuality "1"]
[WhiteTeam "Hoyerswerda"]
[BlackTeam "Dresden USV II"]
[WhiteTeamCountry "GER"]
[BlackTeamCountry "GER"]

1. Nf3 d5 2. d4 e6 3. c4 c6 4. e3 f5 5. Be2 Nf6 6. 0-0 Bd6 7. b3 0-0 8. Ba3 Bxa3 9. Nxa3 Qe7 10. Nc2 Nbd7 11. Qc1 b6 12. Nce1 Bb7 13. Nd3 Rac8 14. Qb2 Rc7 15. Rfc1 Rfc8 16. Nde5 Nxe5 17. Nxe5 Nd7 18. Nxd7 Rxd7 19. c5 bxc5 20. Rxc5 e5 21. Ra5 exd4 22. exd4 Re8 23. Bf1 Bc8 24. Qc3 Rd6 25. Rc5 Bd7 26. b4 f4 27. g3 Rf6 28. Rc1 f3 29. a4 h5 30. Ra5 Bf5 31. Ra6 h4 32. Rxc6 hxg3 33. hxg3 Rxc6 34. Qxc6 Rd8 1-0

[Event "Oberliga Ost-A 0304"]
[Site "Germany"]
[Date "2004.01.18"]
[Round "5.4"]
[White "Shmirin, Igor"]
[Black "Piotraschke, Jens"]
[Result "0-1"]
[WhiteElo "2206"]
[BlackElo "2219"]
[PlyCount "119"]
[EventDate "2003.11.02"]
[EventType "team-tourn"]
[EventRounds "11"]
[EventCountry "GER"]
[SourceTitle "EXT 2005"]
[Source "ChessBase"]
[SourceDate "2004.11.15"]
[SourceVersion "1"]
[SourceVersionDate "2004.11.15"]
[SourceQuality "1"]
[WhiteTeam "Dresden SC II"]
[BlackTeam "Coswig"]
[WhiteTeamCountry "GER"]
[BlackTeamCountry "GER"]

1. d4 e6 2. Nf3 f5 3. g3 Nf6 4. Bg2 Be7 5. c4 0-0 6. 0-0 Ne4 7. b3 Bf6 8. Bb2 c5 9. Nbd2 Nc6 10. e3 d5 11. cxd5 exd5 12. Ne5 cxd4 13. Nxc6 bxc6 14. Nxe4 fxe4 15. Bxd4 Ba6 16. Re1 Bd3 17. Qd2 Bxd4 18. exd4 Rf7 19. Qe3 Qf6 20. Rad1 Raf8 21. f3 exf3 22. Bxf3 Qxf3 23. Rxd3 Qf2+ 24. Qxf2 Rxf2 25. a4 Rc2 26. Rf1 Rxf1+ 27. Kxf1 g5 28. b4 Rb2 29. b5 cxb5 30. axb5 Rxb5 31. Rc3 a5 32. Rc7 a4 33. Ra7 Rb4 34. Ke2 Rxd4 35. Ke3 Rb4 36. Kd3 h6 37. Kc3 Rc4+ 38. Kd3 Rb4 39. Kc3 Rc4+ 40. Kd3 Re4 41. Rd7 Re1 42. Kd2 Ra1 43. Kc3 Rh1 44. Kd4 a3 45. Ra7 Ra1 46. Kc3 Ra2 47. h4 Rg2 48. hxg5 Rxg3+ 49. Kd4 Rxg5 50. Rxa3 Kg7 51. Ra6 Rf5 52. Ra1 Kf6 53. Rh1 h5 54. Ra1 h4 55. Rh1 Rh5 56. Rf1+ Kg6 57. Rg1+ Rg5 58. Rh1 Kh5 59. Ke3 Rg4 60. Kf3 0-1

[Event "Leutersdorf Muench Braeu op 08th"]
[Site "Leutersdorf"]
[Date "2003.02.13"]
[Round "4"]
[White "Shmirina, Evgenija"]
[Black "Shmirin, Igor"]
[Result "1/2-1/2"]
[WhiteElo "2088"]
[BlackElo "2215"]
[PlyCount "21"]
[EventDate "2003.02.12"]
[EventType "swiss"]
[EventRounds "9"]
[EventCountry "GER"]
[SourceTitle "CBM 092 Extra"]
[Source "ChessBase"]
[SourceDate "2003.03.07"]
[SourceVersion "1"]
[SourceVersionDate "2003.03.07"]
[SourceQuality "1"]

1. e4 c5 2. Nf3 d6 3. d4 cxd4 4. Nxd4 Nf6 5. Nc3 a6 6. Be2 e5 7. Nb3 Be6 8. 0-0 Be7 9. Be3 Nbd7 10. f4 Qc7 11. Nd5 1/2-1/2

[Event "Leutersdorf Muench Braeu op 08th"]
[Site "Leutersdorf"]
[Date "2003.02.12"]
[Round "1"]
[White "Schiefner, Ray"]
[Black "Shmirin, Igor"]
[Result "1/2-1/2"]
[WhiteElo "1683"]
[BlackElo "2215"]
[PlyCount "89"]
[EventDate "2003.02.12"]
[EventType "swiss"]
[EventRounds "9"]
[EventCountry "GER"]
[SourceTitle "CBM 092 Extra"]
[Source "ChessBase"]
[SourceDate "2003.03.07"]
[SourceVersion "1"]
[SourceVersionDate "2003.03.07"]
[SourceQuality "1"]

1. e4 d5 2. exd5 Qxd5 3. Nc3 Qa5 4. d4 Nf6 5. Bc4 c6 6. Nge2 Bf5 7. 0-0 e6 8. Ng3 Bg6 9. Bf4 Nd5 10. Nxd5 cxd5 11. Bb3 Nc6 12. c3 Be7 13. Re1 0-0 14. Bc2 Bxc2 15. Qxc2 Rfc8 16. Qe2 Qd8 17. Qg4 Kh8 18. Nh5 Qf8 19. Re3 g6 20. Ng3 Qg7 21. Nf1 Kg8 22. Rae1 h5 23. Qe2 a6 24. Nd2 Bf6 25. Nf3 Re8 26. Ne5 Nxe5 27. Bxe5 Bxe5 28. Rxe5 b5 29. a3 Rec8 30. Rd1 Rc4 31. f4 Rac8 32. Rd3 Qf6 33. f5 exf5 34. Rxd5 R4c6 35. Re5 Re6 36. Rde3 Rce8 37. Rxe6 Rxe6 38. Rxe6 Qxe6 39. Qxe6 fxe6 40. Kf2 Kf7 41. b3 e5 42. d5 Ke7 43. c4 bxc4 44. bxc4 Kd6 45. h4 1/2-1/2

[Event "Leutersdorf Muench Braeu op 08th"]
[Site "Leutersdorf"]
[Date "2003.02.12"]
[Round "2"]
[White "Shmirin, Igor"]
[Black "Byhan, Markus"]
[Result "1-0"]
[WhiteElo "2215"]
[BlackElo "1704"]
[PlyCount "89"]
[EventDate "2003.02.12"]
[EventType "swiss"]
[EventRounds "9"]
[EventCountry "GER"]
[SourceTitle "CBM 092 Extra"]
[Source "ChessBase"]
[SourceDate "2003.03.07"]
[SourceVersion "1"]
[SourceVersionDate "2003.03.07"]
[SourceQuality "1"]

1. d4 d5 2. Nf3 Nf6 3. Bf4 Bf5 4. e3 e6 5. Bd3 Bxd3 6. Qxd3 Nbd7 7. Nbd2 Be7 8. 0-0 0-0 9. h3 c5 10. c3 a6 11. a3 c4 12. Qe2 Re8 13. e4 Nxe4 14. Nxe4 dxe4 15. Qxe4 b5 16. Ne5 Nxe5 17. Bxe5 Rc8 18. Rfe1 Bf6 19. Re3 Bxe5 20. Qxe5 Qc7 21. Rae1 Qxe5 22. Rxe5 Kf8 23. f4 Red8 24. f5 exf5 25. Rxf5 Re8 26. Rxe8+ Rxe8 27. Kf2 f6 28. Rc5 Re6 29. a4 bxa4 30. Rxc4 Rb6 31. Rxa4 Rxb2+ 32. Kf3 Rb3 33. Rc4 a5 34. Ke4 a4 35. Rc8+ Kf7 36. c4 a3 37. Ra8 Ke6 38. Ra6+ Kd7 39. Kd5 Kc7 40. c5 Kb7 41. Ra4 Rc3 42. Kd6 Rb3 43. d5 Rc3 44. c6+ Kb8 45. Kd7 1-0

[Event "Leutersdorf Muench Braeu op 08th"]
[Site "Leutersdorf"]
[Date "2003.02.12"]
[Round "3"]
[White "Shmirin, Igor"]
[Black "Schoene, Maria"]
[Result "1-0"]
[WhiteElo "2215"]
[BlackElo "2041"]
[PlyCount "111"]
[EventDate "2003.02.12"]
[EventType "swiss"]
[EventRounds "9"]
[EventCountry "GER"]
[SourceTitle "CBM 092 Extra"]
[Source "ChessBase"]
[SourceDate "2003.03.07"]
[SourceVersion "1"]
[SourceVersionDate "2003.03.07"]
[SourceQuality "1"]

1. d4 Nf6 2. Bg5 Ne4 3. Bf4 c5 4. f3 Nf6 5. dxc5 e5 6. Be3 Na6 7. Nc3 Nxc5 8. Nd5 d6 9. Nxf6+ Qxf6 10. Bxc5 dxc5 11. e4 Bd7 12. Bc4 0-0-0 13. Bd5 Be7 14. Ne2 Qg6 15. g3 f5 16. Qd3 fxe4 17. Bxe4 Qb6 18. Qb3 Qa6 19. Qf7 Bf6 20. Nc3 Be6 21. Bxb7+ Qxb7 22. Qxe6+ Rd7 23. 0-0 Qxb2 24. Rad1 Rhd8 25. Rxd7 Rxd7 26. Rd1 Qb7 27. Ne4 Qc7 28. Qxd7+ Qxd7 29. Rxd7 Kxd7 30. Nxc5+ Kc6 31. Ne4 Bd8 32. Kf2 Kd5 33. Ke3 Kc4 34. Kd2 Kd4 35. c3+ Kc4 36. Kc2 Bb6 37. Nd2+ Kd5 38. Kd3 h5 39. Ne4 Bg1 40. h3 Bh2 41. g4 hxg4 42. fxg4 Bf4 43. h4 g6 44. c4+ Kc6 45. Ke2 Kb6 46. Kf3 Ka5 47. Nf6 Bd2 48. Ke4 Be1 49. h5 gxh5 50. gxh5 Bh4 51. Kxe5 Bg5 52. Ng4 Kb6 53. Kd5 Bd2 54. h6 Bc1 55. h7 Bb2 56. Ne5 1-0

[Event "Oberliga Ost-A 0203"]
[Site "Germany"]
[Date "2003.02.08"]
[Round "6.3"]
[White "Pesztericz, Laszlo"]
[Black "Shmirin, Igor"]
[Result "1-0"]
[WhiteElo "2203"]
[BlackElo "2198"]
[PlyCount "81"]
[EventDate "2002.10.20"]
[EventType "team"]
[EventRounds "11"]
[EventCountry "GER"]
[SourceTitle "EXT 2004"]
[Source "ChessBase"]
[SourceDate "2003.11.25"]
[SourceVersion "1"]
[SourceVersionDate "2003.11.25"]
[SourceQuality "1"]
[WhiteTeam "Magdeburg Rochade"]
[BlackTeam "Dresden SC II"]
[WhiteTeamCountry "GER"]
[BlackTeamCountry "GER"]

1. e4 d5 2. exd5 Qxd5 3. Nc3 Qa5 4. d4 Nf6 5. Bc4 c6 6. Nf3 Bg4 7. h3 Bh5 8. g4 Bg6 9. Ne5 e6 10. 0-0 Nbd7 11. Bf4 Nxe5 12. dxe5 Nd5 13. Nxd5 cxd5 14. Bd3 Be7 15. Bd2 Qb6 16. Be3 Bc5 17. Bxc5 Qxc5 18. c3 Bxd3 19. Qxd3 0-0 20. Qd4 Qxd4 21. cxd4 Rac8 22. Rfc1 g5 23. Kf1 Kg7 24. Ke2 f6 25. Ke3 fxe5 26. dxe5 Kf7 27. f4 Kg6 28. f5+ exf5 29. Kd4 Rxc1 30. Rxc1 Rd8 31. gxf5+ Kxf5 32. Rf1+ Kg6 33. e6 h5 34. Ke5 g4 35. hxg4 hxg4 36. e7 Re8 37. Ke6 Kg5 38. Rf5+ Kh4 39. Rxd5 g3 40. Rd8 Rxe7+ 41. Kxe7 1-0

[Event "Oberliga Ost-A 0203"]
[Site "Germany"]
[Date "2002.12.15"]
[Round "4.3"]
[White "Teichgraeber, Michael"]
[Black "Shmirin, Igor"]
[Result "1/2-1/2"]
[WhiteElo "2122"]
[BlackElo "2198"]
[PlyCount "74"]
[EventDate "2002.10.20"]
[EventType "team"]
[EventRounds "11"]
[EventCountry "GER"]
[SourceTitle "EXT 2004"]
[Source "ChessBase"]
[SourceDate "2003.11.25"]
[SourceVersion "1"]
[SourceVersionDate "2003.11.25"]
[SourceQuality "1"]
[WhiteTeam "Coswig"]
[BlackTeam "Dresden SC II"]
[WhiteTeamCountry "GER"]
[BlackTeamCountry "GER"]

1. Nf3 Nf6 2. g3 g6 3. Bg2 Bg7 4. c4 0-0 5. 0-0 d5 6. cxd5 Nxd5 7. Nc3 c5 8. Qb3 Nxc3 9. dxc3 Qc7 10. e4 b6 11. Re1 e5 12. Be3 Nc6 13. Qc2 Bb7 14. Rad1 Rfd8 15. Bg5 f6 16. Bc1 Rxd1 17. Rxd1 Rd8 18. Rxd8+ Qxd8 19. Bf1 Kh8 20. Be3 Bf8 21. Ne1 Na5 22. f3 Qc7 23. b3 a6 24. Qf2 Bc8 25. h4 b5 26. Kh2 Nb7 27. c4 b4 28. Nd3 a5 29. g4 a4 30. Kg2 a3 31. Be2 Be6 32. Bf1 Bd6 33. Kh2 Kg7 34. Bh3 Qa5 35. Nc1 Qc7 36. Nd3 Qa5 37. Nc1 Qc7 1/2-1/2

[Event "Oberliga Ost-A 0203"]
[Site "Germany"]
[Date "2002.10.20"]
[Round "1.3"]
[White "Shmirin, Igor"]
[Black "Limpert, Michael"]
[Result "1-0"]
[WhiteElo "2198"]
[BlackElo "2188"]
[PlyCount "103"]
[EventDate "2002.10.20"]
[EventType "team"]
[EventRounds "11"]
[EventCountry "GER"]
[SourceTitle "EXT 2004"]
[Source "ChessBase"]
[SourceDate "2003.11.25"]
[SourceVersion "1"]
[SourceVersionDate "2003.11.25"]
[SourceQuality "1"]
[WhiteTeam "Dresden SC II"]
[BlackTeam "Leipzig Lok II"]
[WhiteTeamCountry "GER"]
[BlackTeamCountry "GER"]

1. d4 d5 2. Nf3 Nf6 3. Bf4 e6 4. e3 Be7 5. Bd3 0-0 6. 0-0 c5 7. c3 Nc6 8. Nbd2 Nh5 9. Be5 Nxe5 10. Nxe5 Nf6 11. f4 g6 12. Rf3 Nd7 13. Rh3 f5 14. Nxd7 Bxd7 15. Nf3 c4 16. Bc2 Bf6 17. Ne5 Bxe5 18. dxe5 Qb6 19. Rb1 Qc5 20. g4 Rf7 21. gxf5 exf5 22. Qd4 Rc8 23. Kf2 Be6 24. Qxc5 Rxc5 25. Ke2 Rg7 26. Rg3 b5 27. Kd2 Rb7 28. a3 a5 29. h4 Rcc7 30. h5 Rg7 31. Rbg1 gxh5 32. Rxg7+ Rxg7 33. Rxg7+ Kxg7 34. Ke2 a4 35. Kf2 Kh6 36. Kg3 Bc8 37. Kh4 Bd7 38. Kh3 Bc8 39. Kg3 Be6 40. Bd1 Bd7 41. Be2 Kg7 42. Bxh5 Bc6 43. Kh4 Bd7 44. e6 Bxe6 45. Be8 Bf7 46. Bxb5 Kf6 47. Bxa4 h6 48. Bd1 Be8 49. a4 Ke6 50. a5 Kd6 51. a6 Kc7 52. Bh5 1-0

[Event "Oberliga Ost-A 0102"]
[Site "Germany"]
[Date "2002.04.14"]
[Round "11.3"]
[White "Shmirin, Igor"]
[Black "Schweitzer, Andreas"]
[Result "1/2-1/2"]
[WhiteElo "2248"]
[BlackElo "2205"]
[PlyCount "82"]
[EventDate "2001.10.07"]
[EventType "team"]
[EventRounds "11"]
[EventCountry "GER"]
[SourceTitle "EXT 2003"]
[Source "ChessBase"]
[SourceDate "2002.11.25"]
[SourceVersion "1"]
[SourceVersionDate "2002.11.25"]
[SourceQuality "1"]
[WhiteTeam "Dresden SC II"]
[BlackTeam "Coswig"]
[WhiteTeamCountry "GER"]
[BlackTeamCountry "GER"]

1. d4 d5 2. Nf3 c6 3. c3 Bf5 4. Bf4 Qb6 5. Qb3 Qxb3 6. axb3 Nd7 7. e3 a6 8. Nbd2 h6 9. b4 Ngf6 10. h3 g5 11. Bh2 Ne4 12. Nxe4 Bxe4 13. Nd2 Bg6 14. Nb3 Bc2 15. Na5 Ra7 16. Kd2 Bf5 17. Bd3 Bxd3 18. Kxd3 f6 19. Rhe1 e5 20. e4 Bd6 21. dxe5 Nxe5+ 22. Bxe5 fxe5 23. Nb3 Rf8 24. f3 b6 25. exd5 cxd5 26. Nd4 Kd7 27. Nb5 Raa8 28. Nxd6 Kxd6 29. Ra2 Rf7 30. Rea1 Rfa7 31. b3 Kc6 32. Rc2 Kb5 33. Re1 Re7 34. c4+ dxc4+ 35. Rxc4 Rd8+ 36. Kc3 Rd5 37. Re3 Ra7 38. Rce4 Rc7+ 39. Rc4 Rcd7 40. Rce4 Rc7+ 41. Rc4 Rcd7 1/2-1/2

[Event "Dresden ZMD op"]
[Site "Dresden"]
[Date "2002.??.??"]
[Round "6"]
[White "Elfert, Aleksandr V"]
[Black "Shmirin, Igor"]
[Result "0-1"]
[WhiteElo "2365"]
[BlackElo "2195"]
[PlyCount "88"]
[EventDate "2002.07.18"]
[EventType "swiss"]
[EventRounds "9"]
[EventCountry "GER"]
[SourceTitle "EXT 2003"]
[Source "ChessBase"]
[SourceDate "2002.11.25"]
[SourceVersion "1"]
[SourceVersionDate "2002.11.25"]
[SourceQuality "1"]

1. d4 Nf6 2. Bg5 Ne4 3. Bf4 d5 4. f3 Nf6 5. e3 e6 6. c3 Bd6 7. Bd3 Bxf4 8. exf4 c5 9. dxc5 Qc7 10. Ne2 Qxc5 11. Qd2 Nc6 12. b4 Qe7 13. 0-0 0-0 14. a4 e5 15. Re1 e4 16. Ng3 a5 17. b5 Qc5+ 18. Kh1 exd3 19. bxc6 bxc6 20. Qxd3 Ba6 21. Qd2 Rfe8 22. Re5 Nd7 23. Rg5 h6 24. Rh5 Qe3 25. h3 Qe1+ 26. Kh2 Nf6 27. Ne4 Rxe4 28. fxe4 Qxd2 29. Nxd2 Nxh5 30. g3 Rb8 31. exd5 cxd5 32. Ra2 Nf6 33. Kg2 Ne4 34. Nxe4 dxe4 35. Kf2 Rc8 36. Ra3 Bc4 37. Ke3 f5 38. Kd4 Ba6 39. g4 Rd8+ 40. Kc5 Bd3 41. Kb6 e3 42. Kxa5 e2 43. Ra1 Ra8+ 44. Kb4 Rb8+ 0-1

[Event "Dresden ZMD op"]
[Site "Dresden"]
[Date "2002.??.??"]
[Round "1"]
[White "Shmirin, Igor"]
[Black "Berry, Stephen"]
[Result "1/2-1/2"]
[WhiteElo "2195"]
[BlackElo "2345"]
[PlyCount "66"]
[EventDate "2002.07.18"]
[EventType "swiss"]
[EventRounds "9"]
[EventCountry "GER"]
[SourceTitle "EXT 2003"]
[Source "ChessBase"]
[SourceDate "2002.11.25"]
[SourceVersion "1"]
[SourceVersionDate "2002.11.25"]
[SourceQuality "1"]

1. d4 Nf6 2. Bg5 e6 3. e3 h6 4. Bxf6 Qxf6 5. Qf3 Qd8 6. Nd2 d6 7. Bc4 Nc6 8. Ne2 Bd7 9. 0-0 g6 10. c3 Bg7 11. Qg3 Qe7 12. f4 0-0-0 13. b4 Rdg8 14. b5 Nd8 15. a4 f5 16. a5 g5 17. Qe1 c5 18. dxc5 dxc5 19. Nb3 e5 20. Qd2 Be6 21. Bd5 exf4 22. exf4 Bf8 23. Rad1 Rg6 24. Rfe1 Qd6 25. Kh1 Be7 26. c4 Qc7 27. a6 Bxd5 28. Qxd5 Rf8 29. fxg5 hxg5 30. Ng3 Rgf6 31. axb7+ Nxb7 32. Qf3 g4 33. Qe2 Kb8 1/2-1/2

[Event "Dresden ZMD op"]
[Site "Dresden"]
[Date "2002.??.??"]
[Round "2"]
[White "Shmirin, Igor"]
[Black "Remling, Christian"]
[Result "1/2-1/2"]
[WhiteElo "2195"]
[BlackElo "2340"]
[PlyCount "76"]
[EventDate "2002.07.18"]
[EventType "swiss"]
[EventRounds "9"]
[EventCountry "GER"]
[SourceTitle "EXT 2003"]
[Source "ChessBase"]
[SourceDate "2002.11.25"]
[SourceVersion "1"]
[SourceVersionDate "2002.11.25"]
[SourceQuality "1"]

1. d4 Nf6 2. Bg5 e6 3. e3 c5 4. c3 b6 5. Nd2 Bb7 6. Ngf3 Be7 7. Bd3 0-0 8. 0-0 Nc6 9. Qe2 cxd4 10. exd4 Nd5 11. Bxe7 Qxe7 12. Ba6 d6 13. Bxb7 Qxb7 14. Ng5 h6 15. Nge4 Rad8 16. f4 f5 17. Ng3 Rfe8 18. Rae1 b5 19. Qh5 Nf6 20. Qf3 Na5 21. Qxb7 Nxb7 22. a4 a6 23. Ra1 Ra8 24. Ra2 b4 25. c4 Na5 26. b3 Nc6 27. Nf3 Ne4 28. Re1 Nc3 29. Rb2 g6 30. Ne2 Ne4 31. Ng3 d5 32. c5 g5 33. Ne2 Kf7 34. Ne5+ Nxe5 35. fxe5 a5 36. Ng3 Rac8 37. Rc2 Rc6 38. Kf1 Nxg3+ 1/2-1/2